LEADER 02516nam 22006134a 450 001 9910449897003321 005 20200520144314.0 010 $a1-4106-1196-5 035 $a(CKB)1000000000244551 035 $a(EBL)227465 035 $a(OCoLC)475934214 035 $a(SSID)ssj0000107452 035 $a(PQKBManifestationID)11114262 035 $a(PQKBTitleCode)TC0000107452 035 $a(PQKBWorkID)10009435 035 $a(PQKB)11274348 035 $a(MiAaPQ)EBC227465 035 $a(Au-PeEL)EBL227465 035 $a(CaPaEBR)ebr10103838 035 $a(CaONFJC)MIL579527 035 $a(EXLCZ)991000000000244551 100 $a20040806d2005 uy 0 101 0 $aeng 135 $aur|n|---||||| 181 $ctxt 182 $cc 183 $acr 200 10$aAttitudes and opinions$b[electronic resource] /$fby Stuart Oskamp, P. Wesley Schultz 205 $a3rd ed. 210 $aMahwah, N.J. $cL. Erlbaum Associates$d2005 215 $a1 online resource (720 p.) 300 $aDescription based upon print version of record. 311 $a1-138-00391-3 311 $a0-8058-4769-3 320 $aIncludes bibliographical references and index. 327 $aBook Cover; Title; Copyright; Contents; Preface; I Approaches to Studying Attitudes and Opinions; II Public Opinion on Socially Important Topics; References; Name Index; Subject Index 330 $aNotable advances resulting from new research findings, measurement approaches, widespread uses of the Internet, and increasingly sophisticated approaches to sampling and polling, have stimulated a new generation of attitude scholars. This extensively revised edition captures this excitement, while remaining grounded in scholarly research.Attitudes and Opinions, 3/e maintains one of the main goals of the original edition--breadth of coverage. The book thoroughly reviews both implicit and explicit measures of attitudes, the structure and function of attitudes, the nature of public 606 $aPublic opinion 606 $aAttitude (Psychology) 606 $aPublic opinion polls 608 $aElectronic books. 615 0$aPublic opinion. 615 0$aAttitude (Psychology) 615 0$aPublic opinion polls. 676 $a303.3/8 700 $aOskamp$b Stuart$0292203 701 $aSchultz$b P. Wesley$0988449 801 0$bMiAaPQ 801 1$bMiAaPQ 801 2$bMiAaPQ 906 $aBOOK 912 $a9910449897003321 996 $aAttitudes and opinions$92260273 997 $aUNINA LEADER 01111nam0 22002771i 450 001 UON00480407 005 20231205105246.84 100 $a20170905d1971 |0itac50 ba 101 $arus 102 $aRU 105 $a|||| 1|||| 200 1 $aˆ"‰Z?izn? Klima Samgina" M. Gor?kogo$eIstoriko-literaturnyj kommentarij$fI. Vajnberg 210 $aMoskva$cProsve??enie$d1971 215 $a380 p.$d22 cm. 606 $aGOR'KIJ MAKSIM$3UONC040601$2FI 620 $aRU$dMoskva$3UONL003152 676 $a891.709$cLetteratura russa. Storia, geografia, persone$v21 700 1$aVAINBERG$bIosif Irmovi?$3UONV236053$0741936 712 $aProsve??enie$3UONV254283$4650 801 $aIT$bSOL$c20241213$gRICA 899 $aSIBA - SISTEMA BIBLIOTECARIO DI ATENEO$2UONSI 912 $aUON00480407 950 $aSIBA - SISTEMA BIBLIOTECARIO DI ATENEO$dSI RUSSO C 2763 $eSI RU 6081 7 2763 966 $aPESKOV ALEKSEJ MAKSIMOVIC$zGOR'KIJ MAKSIM$3UONC086890 996 $a"Z?izn? Klima Samgina" M. Gor?kogo$91473551 997 $aUNIOR